| 000 | 00823cam a2200277 a 4500 | ||
|---|---|---|---|
| 001 | 2516768 | ||
| 003 | OSt | ||
| 005 | 20230703151154.0 | ||
| 008 | 921022s1991 rm 000 0 eng | ||
| 010 | _a 92230421 | ||
| 020 | _a9735670054 | ||
| 040 |
_aDLC _cDLC _dDLC |
||
| 041 | 0 | _aengrum | |
| 043 | _ae-rm--- | ||
| 082 | 0 | 0 |
_a342.498 _bROM |
| 110 | 1 | _aRomania. | |
| 240 | 1 | 0 |
_aConstituția (1991). _lEnglish & Romanian. |
| 245 | 1 | 0 |
_aConstituția României = _bThe Constitution of Romania. |
| 260 |
_aBucharest, Romania : _b"Monitorul Oficial," _c1991. |
||
| 300 |
_a126 p. ; _c21 cm. |
||
| 650 | 0 |
_aConstitutions _zRomania. |
|
| 740 | 0 | _aConstitution of Romania. | |
| 906 |
_a7 _bcbc _corignew _d2 _encip _f19 _gy-gencatlg |
||
| 942 |
_2ddc _cBK |
||
| 999 |
_c3383 _d3383 |
||